Famous novels - who wrote them? - Statistics

General Stats
  • This quiz has been taken 195 times
  • The average score is 10 of 15
Answer Stats
Hint Answer % Correct
Pride and Prejudice Jane Austen
92%
David Copperfield Charles Dickens
86%
Wuthering Heights Emily Bronte
82%
Les Miserables Victor Hugo
82%
Grapes of Wrath John Steinbeck
80%
Jane Eyre Charlotte Bronte
77%
Anna Karenina Leo Tolstoy
77%
The Great Gatsby F. Scott Fitzgerald
74%
Ulysses James Joyce
73%
The Hound of the Baskervilles Arthur Conan Doyle
71%
Moby Dick Herman Melville
70%
Robinson Crusoe Daniel Defoe
63%
Madame Bovary Gustave Flaubert
49%
Don Quixote Miguel de Cervantes
42%
Brighton Rock Graham Greene
26%
No matching quizzes found
Score Distribution
Percent of People with Each Score
Percentile by Number Answered
Your Score History
You have not taken this quiz